| 000 | 00748nam a2200241Ia 4500 | ||
|---|---|---|---|
| 001 | dia_1562 | ||
| 003 | CHAP | ||
| 005 | 20251021161415.0 | ||
| 008 | 220117s1980 xx 000 0 und d | ||
| 010 | _a172106 | ||
| 040 | _cCHAP | ||
| 082 | _a621.59 B4 | ||
| 100 |
_aBeltrán Cortes, Fernando _911444 |
||
| 245 | _aCurso sobre Ingeniería y Aplicaciones del Frio; Tecnología de las Instalaciones Frigoríficas. | ||
| 260 |
_aMadrid, España, Instituto Experimental del Frio. _c1980 |
||
| 300 | _a1 v. (en varias paginaciones) | ||
| 500 | _aA. 1983, donación. | ||
| 650 |
_aRefrigeración. _995611 |
||
| 901 | _a621.59 B4 | ||
| 902 | _aM | ||
| 905 | _a0000001980 ESP 0000000000ESP00 | ||
| 942 |
_cLIBRO _2ddc |
||
| 999 |
_c172106 _d172106 |
||